[Event "43. Olimpiada Batumi 2018 Femenina"]
[Site "Batumi GEO"]
[Date "2018.10.02"]
[Round "8.2"]
[White "Medic, Mirjana"]
[Black "Berzina, Ilze"]
[Result "0-1"]
[WhiteElo "2167"]
[BlackElo "2218"]
[PlyCount "76"]
[EventDate "2018.09.24"]
[EventType "team-swiss"]
[EventRounds "11"]
[EventCountry "GEO"]
[SourceTitle "Ajedrez en Madrid"]
[Source "lmi"]
[SourceDate "2018.09.24"]
[WhiteTeam "Croatia"]
[BlackTeam "Latvia"]
[WhiteTeamCountry "CRO"]
[BlackTeamCountry "LAT"]

1. d4 d5 2. Nf3 Nf6 3. e3 Bf5 4. Bd3 Bg6 5. Ne5 e6 6. Nd2 Bd6 7. Qe2 Bxd3 8.
cxd3 c5 9. Ndf3 O-O 10. dxc5 Bxc5 11. O-O Nbd7 12. Bd2 Nxe5 13. Nxe5 Rc8 14.
Nf3 Qb6 15. Bc3 Nd7 16. Rfc1 Qd6 17. Qd2 Qe7 18. e4 dxe4 19. dxe4 Nf6 20. Qf4
Rfd8 21. h3 Bb6 22. Be5 Nd7 23. Bd6 Qf6 24. Qd2 Nc5 25. e5 Qf5 26. Nd4 Qd3 27.
Qf4 Qe4 28. Qg4 h5 29. Qg5 Qxd4 30. Be7 Ne4 31. Bxd8 Nxg5 32. Rxc8 Bxd8 33. Re1
Kh7 34. Rc2 Ne4 35. Rce2 Ng3 36. Re3 Nf5 37. R3e2 Bb6 38. Kh2 Ba5 0-1

[Event "43. Olimpiada Batumi 2018 Femenina"]
[Site "Batumi GEO"]
[Date "2018.10.02"]
[Round "8.3"]
[White "Otikova, Elina"]
[Black "Ivekovic, Tihana"]
[Result "1-0"]
[WhiteElo "2123"]
[BlackElo "2114"]
[PlyCount "75"]
[EventDate "2018.09.24"]
[EventType "team-swiss"]
[EventRounds "11"]
[EventCountry "GEO"]
[SourceTitle "Ajedrez en Madrid"]
[Source "lmi"]
[SourceDate "2018.09.24"]
[WhiteTeam "Latvia"]
[BlackTeam "Croatia"]
[WhiteTeamCountry "LAT"]
[BlackTeamCountry "CRO"]

1. e4 c5 2. Nf3 e6 3. d4 cxd4 4. Nxd4 a6 5. Nc3 Qc7 6. Bd3 Nf6 7. f4 d6 8. Qf3
g6 9. Be3 Bg7 10. O-O-O O-O 11. h3 Nbd7 12. Nde2 Re8 13. g4 b5 14. Ng3 Nb6 15.
Bd4 b4 16. Nce2 e5 17. Bxb6 Qxb6 18. g5 Nd7 19. f5 Qc5 20. h4 Nb6 21. h5 Ra7
22. Rdf1 Qc7 23. Qf2 Bf8 24. Qh2 gxf5 25. Nxf5 Bxf5 26. Rxf5 Bg7 27. Kb1 a5 28.
g6 fxg6 29. hxg6 h6 30. Rf7 Re7 31. Rxg7+ Rxg7 32. Qxh6 Kf8 33. Rf1+ Kg8 34.
Rh1 Kf8 35. Qh8+ Rg8 36. Rf1+ Qf7 37. Rxf7+ Rxf7 38. Qxg8+ 1-0

[Event "43. Olimpiada Batumi 2018 Femenina"]
[Site "Batumi GEO"]
[Date "2018.10.02"]
[Round "8.4"]
[White "Cvitan, Ena"]
[Black "Krumina, Linda"]
[Result "1-0"]
[WhiteElo "2009"]
[BlackElo "2081"]
[PlyCount "127"]
[EventDate "2018.09.24"]
[EventType "team-swiss"]
[EventRounds "11"]
[EventCountry "GEO"]
[SourceTitle "Ajedrez en Madrid"]
[Source "lmi"]
[SourceDate "2018.09.24"]
[WhiteTeam "Croatia"]
[BlackTeam "Latvia"]
[WhiteTeamCountry "CRO"]
[BlackTeamCountry "LAT"]

1. d4 Nf6 2. c4 e6 3. Nc3 Bb4 4. e3 b6 5. Bd3 Bb7 6. Nge2 Bxg2 7. Rg1 Bf3 8.
Qc2 Kf8 9. e4 d5 10. cxd5 exd5 11. exd5 Nxd5 12. a3 Nxc3 13. bxc3 Bd6 14. Bg5
f6 15. Be4 Bxe4 16. Qxe4 Nd7 17. Bf4 g5 18. Bxd6+ cxd6 19. Qd5 Kg7 20. f4 Re8
21. Qxd6 Kh8 22. Kd2 Re4 23. Rae1 Nf8 24. Qxd8 Rxd8 25. fxg5 fxg5 26. Rxg5 Rde8
27. Rgg1 Rh4 28. Rg2 Rhe4 29. Rf1 Ng6 30. Rf7 a5 31. Ng3 R4e6 32. Nh5 R8e7 33.
Rgf2 Kg8 34. Rxe7 Nxe7 35. Rf6 Rxf6 36. Nxf6+ Kg7 37. Nd7 Nc8 38. Kd3 Kf7 39.
a4 Ke7 40. Ne5 Ke6 41. Nc4 Kd5 42. Ne3+ Ke6 43. c4 Kd6 44. Ke4 Kc6 45. Nf5 Kd7
46. Ke5 b5 47. axb5 a4 48. c5 a3 49. Ne3 a2 50. Nc2 Na7 51. b6 Nc6+ 52. Ke4 Nb4
53. Na1 Kc6 54. Ke5 Nd3+ 55. Ke6 Nb4 56. Ke7 h5 57. Kd8 Nd5 58. Kc8 Ne7+ 59.
Kb8 Kd5 60. Kc7 Nc6 61. b7 Nb4 62. b8=Q Na6+ 63. Kc8 Nxb8 64. Kxb8 1-0

[Event "43. Olimpiada Batumi 2018 Femenina"]
[Site "Batumi GEO"]
[Date "2018.10.02"]
[Round "8.1"]
[White "Rapport, Jovana"]
[Black "Hincu, Olga"]
[Result "1-0"]
[WhiteElo "2348"]
[BlackElo "2124"]
[PlyCount "45"]
[EventDate "2018.09.24"]
[EventType "team-swiss"]
[EventRounds "11"]
[EventCountry "GEO"]
[SourceTitle "Ajedrez en Madrid"]
[Source "lmi"]
[SourceDate "2018.09.24"]
[WhiteTeam "Serbia"]
[BlackTeam "Moldova"]
[WhiteTeamCountry "SRB"]
[BlackTeamCountry "MDA"]

1. e4 e6 2. d4 d5 3. Nc3 Nf6 4. exd5 exd5 5. Bg5 Be7 6. Qd2 O-O 7. O-O-O Bf5 8.
f3 c6 9. g4 Bg6 10. h4 h6 11. Be3 Ne8 12. Nh3 Bxh4 13. g5 Bxg5 14. Bxg5 hxg5
15. Nxg5 Nd6 16. f4 Nf5 17. Bd3 Qf6 18. Bxf5 Bxf5 19. Rh4 Rd8 20. Rdh1 Kf8 21.
Qe3 Be4 22. Ncxe4 dxe4 23. Nh7+ 1-0

[Event "43. Olimpiada Batumi 2018 Femenina"]
[Site "Batumi GEO"]
[Date "2018.10.02"]
[Round "8.2"]
[White "Petrenko, Svetlana"]
[Black "Velikic, Adela"]
[Result "0-1"]
[WhiteElo "2156"]
[BlackElo "2339"]
[PlyCount "112"]
[EventDate "2018.09.24"]
[EventType "team-swiss"]
[EventRounds "11"]
[EventCountry "GEO"]
[SourceTitle "Ajedrez en Madrid"]
[Source "lmi"]
[SourceDate "2018.09.24"]
[WhiteTeam "Moldova"]
[BlackTeam "Serbia"]
[WhiteTeamCountry "MDA"]
[BlackTeamCountry "SRB"]

1. c4 e6 2. Nf3 d5 3. g3 Nf6 4. Bg2 c6 5. b3 Bd6 6. Bb2 O-O 7. O-O Nbd7 8. d4
Qe7 9. Ne5 Rd8 10. e3 Bc7 11. f4 Ne8 12. Nd2 f6 13. Nxd7 Qxd7 14. c5 b6 15. b4
bxc5 16. bxc5 Ba6 17. Rf2 f5 18. g4 Nf6 19. g5 Ne4 20. Nxe4 dxe4 21. Bc3 Rdb8
22. h4 Qd5 23. h5 Qc4 24. Rc1 Qd3 25. Qe1 Qb5 26. h6 g6 27. d5 cxd5 28. Bf1 Qa4
29. Bxa6 Qxa6 30. Qd1 Qd3 31. Qxd3 exd3 32. Rd2 Rb5 33. Bd4 Rab8 34. Rxd3 Kf7
35. c6 Rb1 36. Rdd1 Rxc1 37. Rxc1 a6 38. a4 Ke8 39. Kf2 Kd8 40. Bc3 Kc8 41. Rc2
Rb3 42. Ke2 Ra3 43. a5 Ra4 44. Bd2 Ra3 45. Rb2 Ra4 46. Rc2 Rc4 47. Rxc4 dxc4
48. Bb4 Bb8 49. Kd2 Kc7 50. Kc3 Ba7 51. e4 fxe4 52. Kxc4 Be3 53. f5 exf5 54.
Kd5 Bxg5 55. Bd6+ Kc8 56. Bf8 e3 0-1

[Event "43. Olimpiada Batumi 2018 Femenina"]
[Site "Batumi GEO"]
[Date "2018.10.02"]
[Round "8.3"]
[White "Injac, Teodora"]
[Black "Partac, Elena"]
[Result "1-0"]
[WhiteElo "2241"]
[BlackElo "2051"]
[PlyCount "61"]
[EventDate "2018.09.24"]
[EventType "team-swiss"]
[EventRounds "11"]
[EventCountry "GEO"]
[SourceTitle "Ajedrez en Madrid"]
[Source "lmi"]
[SourceDate "2018.09.24"]
[WhiteTeam "Serbia"]
[BlackTeam "Moldova"]
[WhiteTeamCountry "SRB"]
[BlackTeamCountry "MDA"]

1. d4 Nf6 2. Nf3 e6 3. c4 b6 4. a3 Ba6 5. e3 d5 6. Nbd2 Be7 7. b4 dxc4 8. Bxc4
Bxc4 9. Nxc4 Qd5 10. Qc2 O-O 11. O-O Nbd7 12. Rd1 Rfc8 13. Bb2 Ne4 14. Rac1 Qf5
15. Nfe5 Nxe5 16. dxe5 Rd8 17. Rd4 Rxd4 18. exd4 Bg5 19. f3 Bxc1 20. fxe4 Qg6
21. Bxc1 Rd8 22. Be3 h5 23. Nd2 Qg4 24. Nf3 Rd7 25. Bg5 f6 26. exf6 gxf6 27.
Bxf6 Rh7 28. Qc6 Rf7 29. h3 Qg3 30. Qe8+ Rf8 31. Qxe6+ 1-0

[Event "43. Olimpiada Batumi 2018 Femenina"]
[Site "Batumi GEO"]
[Date "2018.10.02"]
[Round "8.4"]
[White "Gitu, Paula-Alexandra"]
[Black "Gajcin, Marina"]
[Result "0-1"]
[WhiteElo "2026"]
[BlackElo "2170"]
[PlyCount "50"]
[EventDate "2018.09.24"]
[EventType "team-swiss"]
[EventRounds "11"]
[EventCountry "GEO"]
[SourceTitle "Ajedrez en Madrid"]
[Source "lmi"]
[SourceDate "2018.09.24"]
[WhiteTeam "Moldova"]
[BlackTeam "Serbia"]
[WhiteTeamCountry "MDA"]
[BlackTeamCountry "SRB"]

1. e4 c5 2. Nf3 Nc6 3. Bb5 g6 4. Bxc6 dxc6 5. d3 Bg7 6. h3 Nf6 7. Nc3 Nd7 8.
Be3 e5 9. Qd2 Qe7 10. Bh6 f6 11. Nh2 Nf8 12. Bxg7 Qxg7 13. f4 exf4 14. Qxf4 Ne6
15. Qe3 Nd4 16. O-O-O Be6 17. Rhf1 O-O-O 18. Kb1 Rhf8 19. Nf3 Qc7 20. Nd2 Qa5
21. Nb3 Bxb3 22. axb3 Qa1+ 23. Kxa1 Nxc2+ 24. Kb1 Nxe3 25. Rfe1 Nxd1 0-1

[Event "43. Olimpiada Batumi 2018 Femenina"]
[Site "Batumi GEO"]
[Date "2018.10.02"]
[Round "8.1"]
[White "Mezioud, Amina"]
[Black "Khomeriki, Nino"]
[Result "1/2-1/2"]
[WhiteElo "2056"]
[BlackElo "2313"]
[PlyCount "139"]
[EventDate "2018.09.24"]
[EventType "team-swiss"]
[EventRounds "11"]
[EventCountry "GEO"]
[SourceTitle "Ajedrez en Madrid"]
[Source "lmi"]
[SourceDate "2018.09.24"]
[WhiteTeam "Algeria"]
[BlackTeam "Georgia 3"]
[WhiteTeamCountry "ALG"]

1. e4 e5 2. Nf3 Nc6 3. Bc4 Nf6 4. d3 Be7 5. O-O O-O 6. c3 d5 7. exd5 Nxd5 8.
Re1 Bg4 9. h3 Bh5 10. g4 Bg6 11. Nxe5 Nxe5 12. Rxe5 Nb6 13. Re1 Bd6 14. Nd2
Nxc4 15. Nxc4 Bxd3 16. Nxd6 Qxd6 17. Qa4 Qg6 18. Bf4 c5 19. Qd7 Rad8 20. Qc7 f5
21. g5 Be4 22. Re3 Rc8 23. Qd6 Qh5 24. Be5 Qe8 25. Bf4 Rc6 26. Qd1 Qf7 27. f3
Bd5 28. b3 Rcc8 29. Qe1 Rfe8 30. Kg2 Qh5 31. Qd2 Bc6 32. Rae1 Rxe3 33. Rxe3 h6
34. gxh6 g5 35. Be5 Qxh6 36. Qd3 Rf8 37. Bd6 Rf7 38. Bxc5 g4 39. Qd8+ Kh7 40.
hxg4 fxg4 41. Qd3+ Qg6 42. Qxg6+ Kxg6 43. Bxa7 gxf3+ 44. Kf2 Rh7 45. Bb8 Rd7
46. Re6+ Kf5 47. Rd6 Rg7 48. Rd2 Kg4 49. Be5 Rg8 50. Bd4 Kh3 51. Ke3 Re8+ 52.
Kf2 Rg8 53. Ke3 Rg1 54. Rf2 Re1+ 55. Kd3 Kg3 56. Bb6 Bd7 57. c4 Bf5+ 58. Kd2
Re6 59. Be3 Ra6 60. Kc1 Re6 61. Kd2 Rd6+ 62. Kc1 Bh3 63. a4 Rd3 64. Bc5 Rxb3
65. Kc2 Ra3 66. Bxa3 Kxf2 67. Bc5+ Ke2 68. a5 Bd7 69. Kc3 Bc6 70. a6 1/2-1/2

[Event "43. Olimpiada Batumi 2018 Femenina"]
[Site "Batumi GEO"]
[Date "2018.10.02"]
[Round "8.2"]
[White "Janiashvili, Mariami"]
[Black "Latreche, Sabrina"]
[Result "1-0"]
[WhiteElo "2081"]
[BlackElo "2056"]
[PlyCount "109"]
[EventDate "2018.09.24"]
[EventType "team-swiss"]
[EventRounds "11"]
[EventCountry "GEO"]
[SourceTitle "Ajedrez en Madrid"]
[Source "lmi"]
[SourceDate "2018.09.24"]
[WhiteTeam "Georgia 3"]
[BlackTeam "Algeria"]
[BlackTeamCountry "ALG"]

1. d4 Nf6 2. Nf3 e6 3. g3 b6 4. Bg2 Bb7 5. O-O g6 6. c4 Bg7 7. Nc3 O-O 8. Qc2
d6 9. Rd1 Qe7 10. e4 e5 11. dxe5 dxe5 12. Nd5 Nxd5 13. cxd5 Na6 14. a3 Rfd8 15.
Be3 Nb8 16. Bh3 h6 17. Rd2 Rd6 18. Rad1 Na6 19. b4 c6 20. dxc6 Rxc6 21. Qb3 Qf6
22. Nxe5 Qxe5 23. Rd7 Rf8 24. Rxb7 Rc3 25. Qd5 Qxd5 26. exd5 Rc7 27. Rxc7 Nxc7
28. d6 Ne6 29. a4 Rd8 30. a5 bxa5 31. bxa5 Rd7 32. Bf1 Bf8 33. Bb5 Rxd6 34.
Rxd6 Bxd6 35. Bxa7 Nc5 36. a6 Kg7 37. Bb6 Nxa6 38. Bd4+ Kf8 39. Bxa6 Be7 40.
Kg2 f6 41. Kf3 Kg7 42. Ke4 Bb4 43. g4 Bd2 44. Kd5 Kf7 45. Be3 Be1 46. Bc4 Kg7
47. Bd4 Ba5 48. Ke6 Bd8 49. Be2 g5 50. h3 Kg6 51. Bd3+ Kg7 52. Bc2 h5 53. gxh5
Kh6 54. Bd1 Kg7 55. Bg4 1-0

[Event "43. Olimpiada Batumi 2018 Femenina"]
[Site "Batumi GEO"]
[Date "2018.10.02"]
[Round "8.3"]
[White "Toubal, Hayat"]
[Black "Esadze, Tamari"]
[Result "1/2-1/2"]
[WhiteElo "1862"]
[BlackElo "1911"]
[PlyCount "56"]
[EventDate "2018.09.24"]
[EventType "team-swiss"]
[EventRounds "11"]
[EventCountry "GEO"]
[SourceTitle "Ajedrez en Madrid"]
[Source "lmi"]
[SourceDate "2018.09.24"]
[WhiteTeam "Algeria"]
[BlackTeam "Georgia 3"]
[WhiteTeamCountry "ALG"]

1. d4 Nf6 2. Nf3 e6 3. Bg5 d5 4. e3 b6 5. Bb5+ c6 6. Bd3 Be7 7. Nbd2 Bb7 8. Ne5
Nbd7 9. f4 h6 10. Bh4 O-O 11. O-O c5 12. c3 Nxe5 13. fxe5 Nd7 14. Bg3 Bh4 15.
Bxh4 Qxh4 16. Rf4 Qe7 17. Qh5 f5 18. Raf1 Qg5 19. Qh3 cxd4 20. exd4 g6 21. Nb3
Kg7 22. Qe3 a5 23. a3 Bc6 24. Qe2 Rac8 25. Ba6 Rb8 26. Bd3 Rbc8 27. Ba6 Rb8 28.
Bd3 Rbc8 1/2-1/2

[Event "43. Olimpiada Batumi 2018 Femenina"]
[Site "Batumi GEO"]
[Date "2018.10.02"]
[Round "8.4"]
[White "Lomaia, Diana"]
[Black "Nassr, Lina"]
[Result "1/2-1/2"]
[WhiteElo "1876"]
[BlackElo "1854"]
[PlyCount "154"]
[EventDate "2018.09.24"]
[EventType "team-swiss"]
[EventRounds "11"]
[EventCountry "GEO"]
[SourceTitle "Ajedrez en Madrid"]
[Source "lmi"]
[SourceDate "2018.09.24"]
[WhiteTeam "Georgia 3"]
[BlackTeam "Algeria"]
[BlackTeamCountry "ALG"]

1. e4 c5 2. Nf3 e6 3. d4 cxd4 4. Nxd4 Nf6 5. Bd3 Nc6 6. Nxc6 dxc6 7. O-O e5 8.
Nd2 Be7 9. Nc4 Qc7 10. a4 O-O 11. Kh1 Be6 12. Qe2 b5 13. axb5 cxb5 14. Ne3 a6
15. Bd2 Nd7 16. Nf5 Nc5 17. f4 Nxd3 18. Qxd3 Bxf5 19. exf5 exf4 20. Bxf4 Qc6
21. Rf3 Bf6 22. Qb3 Rfe8 23. Be3 Re4 24. Rd1 Rae8 25. Bf2 Re2 26. c3 Qe4 27.
Bg1 Qg4 28. Rg3 Qxf5 29. Rf3 Qg4 30. Rg3 Qe6 31. Qxe6 R8xe6 32. Rgd3 h6 33. b3
Rc2 34. Bd4 Bg5 35. Rg3 Rce2 36. Rf1 Re1 37. Rgf3 Rxf1+ 38. Rxf1 Rd6 39. Ra1
Bd2 40. Rf1 Rd5 41. h3 b4 42. Rf3 a5 43. Kg1 bxc3 44. Bxc3 Bxc3 45. Rxc3 Rd2
46. Rc7 Rb2 47. Ra7 Rxb3 48. Rxa5 Rb2 49. Kh2 Kh7 50. Ra6 f6 51. Ra7 h5 52. h4
Kh6 53. Ra6 Kg6 54. Ra5 Re2 55. Kh3 Kh6 56. Ra6 Re3+ 57. g3 Re2 58. Rb6 Re5 59.
Ra6 Rd5 60. Rb6 Rf5 61. Ra6 g5 62. hxg5+ Kxg5 63. Ra8 Re5 64. Rg8+ Kh6 65. Rh8+
Kg6 66. Rg8+ Kh7 67. Ra8 Re4 68. Rb8 Kg6 69. Rg8+ Kh6 70. Rh8+ Kg6 71. Rg8+ Kh7
72. Ra8 Kg7 73. Rb8 Rd4 74. Ra8 Rc4 75. Rb8 Re4 76. Ra8 Kg6 77. Rg8+ Kh6
1/2-1/2

[Event "43. Olimpiada Batumi 2018 Femenina"]
[Site "Batumi GEO"]
[Date "2018.10.02"]
[Round "8.2"]
[White "Bakri, Alia Anin Azwa"]
[Black "Antonova, Nadezhda"]
[Result "1-0"]
[WhiteElo "2005"]
[BlackElo "2038"]
[PlyCount "57"]
[EventDate "2018.09.24"]
[EventType "team-swiss"]
[EventRounds "11"]
[EventCountry "GEO"]
[SourceTitle "Ajedrez en Madrid"]
[Source "lmi"]
[SourceDate "2018.09.24"]
[WhiteTeam "Malaysia"]
[BlackTeam "Tajikistan"]
[WhiteTeamCountry "MAS"]
[BlackTeamCountry "TJK"]

1. d4 Nf6 2. Nf3 e6 3. c4 b6 4. e3 Bb7 5. Bd3 Bb4+ 6. Bd2 Be7 7. Nc3 c5 8. O-O
O-O 9. Re1 cxd4 10. exd4 d5 11. Qe2 Nbd7 12. Ne5 a6 13. a3 Nb8 14. cxd5 exd5
15. Bg5 Ra7 16. Qf3 b5 17. Ng4 Nbd7 18. Qh3 g6 19. Qh4 Nxg4 20. Bxe7 Qc8 21.
Bxf8 Ngf6 22. Bh6 Ra8 23. Re3 Ne8 24. Qe7 Bc6 25. Rf3 f5 26. Bxf5 gxf5 27. Rg3+
Kh8 28. Bg7+ Kg8 29. Be5+ 1-0

[Event "43. Olimpiada Batumi 2018 Femenina"]
[Site "Batumi GEO"]
[Date "2018.10.02"]
[Round "8.3"]
[White "Hotami, Mutriba"]
[Black "Azman Hisham, Nur Nabila"]
[Result "1/2-1/2"]
[WhiteElo "1840"]
[BlackElo "1943"]
[PlyCount "150"]
[EventDate "2018.09.24"]
[EventType "team-swiss"]
[EventRounds "11"]
[EventCountry "GEO"]
[SourceTitle "Ajedrez en Madrid"]
[Source "lmi"]
[SourceDate "2018.09.24"]
[WhiteTeam "Tajikistan"]
[BlackTeam "Malaysia"]
[WhiteTeamCountry "TJK"]
[BlackTeamCountry "MAS"]

1. e4 c5 2. Nc3 e6 3. g3 Nc6 4. Bg2 g6 5. d3 Bg7 6. f4 Nge7 7. Nf3 d5 8. O-O
O-O 9. Kh1 a6 10. Qe1 Qc7 11. g4 Nd4 12. Qf2 b5 13. e5 f6 14. Qh4 Nxc2 15. Rb1
Nc6 16. exf6 Bxf6 17. Ng5 Ra7 18. f5 Qd6 19. Qh6 Rg7 20. fxe6 Bxc3 21. Rxf8+
Qxf8 22. bxc3 Ne1 23. Bb2 Qf2 24. Qh3 Qxg2+ 25. Qxg2 Nxg2 26. Kxg2 Re7 27. Ba3
b4 28. cxb4 cxb4 29. Bb2 h6 30. Nf3 Rxe6 31. Kf2 a5 32. g5 hxg5 33. Nxg5 Re8
34. Rc1 Bb7 35. Rc5 Rd8 36. Ne6 Rd7 37. Rb5 Re7 38. Nf4 Rf7 39. Kg3 a4 40. Nxd5
Na7 41. Nf6+ Kf8 42. Rxb4 Bc6 43. Rg4 Rb7 44. Be5 Kf7 45. Ne4 Nc8 46. Bc3 Bxe4
47. Rxe4 Rd7 48. Rf4+ Kg8 49. Rd4 Rc7 50. Bb4 Kf7 51. Rc4 Rxc4 52. dxc4 Nb6 53.
c5 Nd5 54. Be1 Ke6 55. Kf3 Nf6 56. Bc3 Nd5 57. Bd2 Nf6 58. Be3 Kd5 59. Kf4 Nd7
60. Kg5 Ne5 61. h4 Nf3+ 62. Kg4 Ne5+ 63. Kf4 Nd3+ 64. Kg5 Ne5 65. Bf2 Kc6 66.
Be3 Kd5 67. Bf4 Nf3+ 68. Kg4 Nxh4 69. Kxh4 Kxc5 70. a3 Kb6 71. Kg5 Ka7 72. Kxg6
Kb7 73. Kf5 Ka7 74. Ke5 Kb7 75. Kd5 Ka7 1/2-1/2

[Event "43. Olimpiada Batumi 2018 Femenina"]
[Site "Batumi GEO"]
[Date "2018.10.02"]
[Round "8.4"]
[White "Nithyalakshmi, Sivanesan"]
[Black "Abrorova, Sabrina"]
[Result "1-0"]
[WhiteElo "1866"]
[BlackElo "1685"]
[PlyCount "107"]
[EventDate "2018.09.24"]
[EventType "team-swiss"]
[EventRounds "11"]
[EventCountry "GEO"]
[SourceTitle "Ajedrez en Madrid"]
[Source "lmi"]
[SourceDate "2018.09.24"]
[WhiteTeam "Malaysia"]
[BlackTeam "Tajikistan"]
[WhiteTeamCountry "MAS"]
[BlackTeamCountry "TJK"]

1. c4 Nf6 2. g3 g6 3. Bg2 Bg7 4. Nf3 O-O 5. O-O d6 6. d4 Nbd7 7. Nc3 e5 8. e3
Re8 9. b3 exd4 10. Nxd4 Nc5 11. Ba3 a6 12. Rc1 Bg4 13. Qc2 Qc8 14. b4 Ne6 15.
Nxe6 Bxe6 16. Nd5 Bf5 17. Qb3 Bh3 18. Nxc7 Bxg2 19. Nxe8 Qh3 20. Nxf6+ Bxf6 21.
f3 Bxf1 22. Rxf1 Re8 23. Rd1 Be5 24. Qc2 Qe6 25. Qe4 Qd7 26. Qd3 Qe6 27. Rd2 h5
28. e4 h4 29. Kg2 hxg3 30. hxg3 Kg7 31. Bb2 Rh8 32. Bxe5+ dxe5 33. g4 Qf6 34.
Qe3 Qh4 35. Qg1 Qg5 36. Re2 Qf4 37. a4 Rd8 38. Qe3 Qxe3 39. Rxe3 Rd2+ 40. Kg3
Rc2 41. Rb3 Rxc4 42. a5 Rd4 43. Kf2 Kf8 44. g5 Ke7 45. Ke3 Rc4 46. Kd3 Rd4+ 47.
Kc3 Kd7 48. Kc2 Kd6 49. Rd3 Rxd3 50. Kxd3 Kc7 51. Kc4 Kc6 52. b5+ Kd6 53. Kb4
Ke6 54. Kc5 1-0

[Event "43. Olimpiada Batumi 2018 Femenina"]
[Site "Batumi GEO"]
[Date "2018.10.02"]
[Round "8.1"]
[White "Frayna, Janelle Mae"]
[Black "Lujan, Carolina"]
[Result "0-1"]
[WhiteElo "2287"]
[BlackElo "2350"]
[PlyCount "56"]
[EventDate "2018.09.24"]
[EventType "team-swiss"]
[EventRounds "11"]
[EventCountry "GEO"]
[SourceTitle "Ajedrez en Madrid"]
[Source "lmi"]
[SourceDate "2018.09.24"]
[WhiteTeam "Philippines"]
[BlackTeam "Argentina"]
[WhiteTeamCountry "PHI"]
[BlackTeamCountry "ARG"]

1. d4 Nf6 2. c4 g6 3. f3 e6 4. e4 c5 5. Ne2 cxd4 6. Nxd4 Bg7 7. Nb5 O-O 8. N1c3
d5 9. cxd5 a6 10. Na3 exd5 11. Nxd5 Nxe4 12. Bf4 Qa5+ 13. b4 Qxa3 14. fxe4 Bg4
15. Qxg4 Bxa1 16. Bc4 Bc3+ 17. Kf2 Bd4+ 18. Ke2 Qb2+ 19. Bd2 Nc6 20. Qh3 Bg7
21. Rf1 Rae8 22. Rf4 Nd4+ 23. Ke1 Rxe4+ 24. Rxe4 Qb1+ 25. Kf2 Qxe4 26. Ne3 Rd8
27. Bc3 Qf4+ 28. Kg1 Nf5 0-1

[Event "43. Olimpiada Batumi 2018 Femenina"]
[Site "Batumi GEO"]
[Date "2018.10.02"]
[Round "8.2"]
[White "Fernandez, Maria Florencia"]
[Black "Secopito, Catherine"]
[Result "1-0"]
[WhiteElo "2219"]
[BlackElo "2157"]
[PlyCount "133"]
[EventDate "2018.09.24"]
[EventType "team-swiss"]
[EventRounds "11"]
[EventCountry "GEO"]
[SourceTitle "Ajedrez en Madrid"]
[Source "lmi"]
[SourceDate "2018.09.24"]
[WhiteTeam "Argentina"]
[BlackTeam "Philippines"]
[WhiteTeamCountry "ARG"]
[BlackTeamCountry "PHI"]

1. d4 d5 2. c4 e6 3. Nc3 Nf6 4. cxd5 exd5 5. Bg5 c6 6. Qc2 Be7 7. e3 Nbd7 8.
Bd3 Nh5 9. Bxe7 Qxe7 10. Nge2 Nb6 11. h3 g6 12. g4 Ng7 13. O-O-O Bd7 14. Kb1
O-O-O 15. Rc1 Kb8 16. Na4 Nxa4 17. Qxa4 h5 18. Rc3 b5 19. Qa5 Ka8 20. Rhc1 Rb8
21. Nf4 Ne6 22. Nxe6 Qxe6 23. Rc5 Rb7 24. Qc3 Rb6 25. e4 hxg4 26. exd5 cxd5 27.
hxg4 Rh3 28. Qd2 Qxg4 29. Bf1 Rh5 30. Ka1 Qe6 31. Be2 Rh8 32. Rc7 Bc6 33. Qa5
Bb7 34. Bxb5 Kb8 35. Bd7 Qd6 36. Qc3 Rd8 37. Bc8 Rc6 38. Rxc6 Bxc6 39. Ba6 Bb7
40. Bxb7 Kxb7 41. a4 Qd7 42. Qb3+ Ka8 43. Rc5 Qe6 44. Ka2 g5 45. Qc3 Qd7 46.
Qa5 Kb7 47. Rb5+ Ka8 48. Qb4 Rc8 49. a5 Qc6 50. Rc5 Qd7 51. Rb5 Qc6 52. Qb3 Rd8
53. Rc5 Qb7 54. Qf3 Qd7 55. Ka3 g4 56. Qb3 Qb7 57. Rb5 Qc6 58. Rc5 Qb7 59. Qa4
f5 60. a6 Qb6 61. Rc6 Qb8 62. Qc2 Rf8 63. Rc7 Rf6 64. Rc6 Rf8 65. Qc5 Rd8 66.
Rc7 g3 67. Qc6+ 1-0

[Event "43. Olimpiada Batumi 2018 Femenina"]
[Site "Batumi GEO"]
[Date "2018.10.02"]
[Round "8.3"]
[White "San Diego, Marie Antoinette"]
[Black "Martinez, Ayelen"]
[Result "1-0"]
[WhiteElo "2102"]
[BlackElo "2215"]
[PlyCount "135"]
[EventDate "2018.09.24"]
[EventType "team-swiss"]
[EventRounds "11"]
[EventCountry "GEO"]
[SourceTitle "Ajedrez en Madrid"]
[Source "lmi"]
[SourceDate "2018.09.24"]
[WhiteTeam "Philippines"]
[BlackTeam "Argentina"]
[WhiteTeamCountry "PHI"]
[BlackTeamCountry "ARG"]

1. d4 Nf6 2. Nf3 g6 3. Bf4 Bg7 4. Nc3 d5 5. e3 O-O 6. Be2 c6 7. O-O Nbd7 8. Ne5
Ne8 9. Nxd7 Bxd7 10. e4 dxe4 11. Nxe4 Bf5 12. Ng3 Qxd4 13. Qxd4 Bxd4 14. Nxf5
gxf5 15. Rfd1 Bg7 16. Rd7 Nf6 17. Rxb7 Nd5 18. Bc1 Rfb8 19. Rb3 a5 20. c4 Nb4
21. Rg3 Kf8 22. a3 Nc2 23. Rb1 Nd4 24. Bf1 a4 25. Bf4 Rb7 26. Rxg7 Nf3+ 27.
gxf3 Kxg7 28. Be5+ Kh6 29. f4 Rg8+ 30. Kh1 Rd7 31. Bc3 Rg4 32. Bg2 c5 33. Bc6
Rd3 34. Be8 f6 35. Rg1 Rxf4 36. Rg3 Rd1+ 37. Kg2 Rxc4 38. Bf7 Re4 39. Be8 Rd6
40. Bb5 f4 41. Rh3+ Kg7 42. Kf3 Red4 43. Bxd4 cxd4 44. Kxf4 Rb6 45. Bxa4 Rxb2
46. Rf3 Re2 47. Bb5 Re1 48. a4 Kf7 49. Rh3 Ke6 50. a5 Ra1 51. a6 Kd5 52. Bd3
e5+ 53. Kf5 Ra2 54. f4 exf4 55. Kxf4 Rf2+ 56. Rf3 Ra2 57. Kf5 Kc5 58. h3 Kb4
59. Kxf6 h5 60. Ke5 Kc5 61. Rf7 Ra3 62. a7 Kb6 63. Kxd4 Rxa7 64. Rxa7 Kxa7 65.
h4 Kb7 66. Ke5 Kc7 67. Kf6 Kd8 68. Bg6 1-0

[Event "43. Olimpiada Batumi 2018 Femenina"]
[Site "Batumi GEO"]
[Date "2018.10.02"]
[Round "8.4"]
[White "Zuriel, Marisa"]
[Black "Galas, Bernadette"]
[Result "1/2-1/2"]
[WhiteElo "2186"]
[BlackElo "2080"]
[PlyCount "82"]
[EventDate "2018.09.24"]
[EventType "team-swiss"]
[EventRounds "11"]
[EventCountry "GEO"]
[SourceTitle "Ajedrez en Madrid"]
[Source "lmi"]
[SourceDate "2018.09.24"]
[WhiteTeam "Argentina"]
[BlackTeam "Philippines"]
[WhiteTeamCountry "ARG"]
[BlackTeamCountry "PHI"]

1. e4 c5 2. Nf3 Nc6 3. Nc3 g6 4. d4 cxd4 5. Nxd4 Bg7 6. Nb3 Nf6 7. Be2 d6 8.
O-O O-O 9. Bg5 a6 10. a4 Be6 11. f4 Rc8 12. Kh1 Na5 13. Nxa5 Qxa5 14. Bf3 Rfd8
15. Qe1 h6 16. Bh4 g5 17. fxg5 hxg5 18. Bf2 g4 19. Be2 Qb4 20. Bd3 Qxb2 21. Ne2
Qe5 22. Bd4 Qg5 23. Rb1 Rd7 24. Ng3 Nh5 25. Bxg7 Nxg3+ 26. Qxg3 Kxg7 27. Rf4
Rh8 28. Be2 Rc7 29. c4 f6 30. Rbf1 Rh6 31. Bxg4 Rh4 32. Qxh4 Qxh4 33. Bxe6 Qh5
34. R1f3 Rc5 35. Bd5 Kf8 36. Rf5 Qh6 37. R5f4 Ke8 38. g3 Qh5 39. Rf5 Qh6 40.
R5f4 Qh5 41. Rf5 Qh6 1/2-1/2